Kliknij aby złożyć flagi państw #2 - Statystyki

Ogólne statystyki
  • Ten quiz został rozwiązany 5 241 razy
  • Średni wynik to 15 z 25
Statystyki odpowiedzi
Hint Extra Hint Explanation Odpowiedź % Poprawnych
Kliknij odpowiednie tło flagi Izrael
94%
Kliknij odpowiednie tło flagi Brazylia
94%
Kliknij odpowiednie tło flagi Hiszpania
90%
Kliknij odpowiednie tło flagi Chorwacja
82%
Kliknij odpowiednie tło flagi Watykan
81%
Kliknij odpowiednie tło flagi Indie
80%
Kliknij odpowiednie tło flagi Słowenia
73%
Kliknij odpowiednie tło flagi Barbados
70%
Kliknij odpowiednie tło flagi Urugwaj
69%
Kliknij odpowiednie tło flagi Kenia
65%
Kliknij odpowiednie tło flagi Nikaragua
65%
Kliknij odpowiednie tło flagi Irak
60%
Kliknij odpowiednie tło flagi Tadżykistan
55%
Kliknij odpowiednie tło flagi Mongolia
55%
Kliknij odpowiednie tło flagi Korea Północna
52%
Kliknij odpowiednie tło flagi Eswatini
51%
Kliknij odpowiednie tło flagi Zambia
51%
Kliknij odpowiednie tło flagi Kambodża
48%
Kliknij odpowiednie tło flagi Namibia
43%
Kliknij odpowiednie tło flagi Belize
41%
Kliknij odpowiednie tło flagi Mozambik
39%
Kliknij odpowiednie tło flagi Brunei
39%
Kliknij odpowiednie tło flagi Haiti
37%
Kliknij odpowiednie tło flagi Gwinea Równikowa
37%
Kliknij odpowiednie tło flagi Zimbabwe
35%
Nie znaleziono quizów pasujących do podanych kryteriów
Rozkład punktacji
Procent ludzi z każdym wynikiem
Percentyl według liczby udzielonych odpowiedzi
Twoja historia wyników
Nie rozwiązałeś tego quizu